| 000 | 00835nac a22002051u 4500 | ||
|---|---|---|---|
| 020 | _a1844800253 | ||
| 020 | _a1844800253 | ||
| 082 | 0 | 0 |
_a658.848 _bD6913 |
| 090 |
_c1195 _d1195 |
||
| 100 | _aDoole, Isobel. | ||
| 245 | 1 | 0 |
_aInternational marketing strategy : _banalysis, development, and implementation / _cIsobel Doole, and Robin Lowe. |
| 260 |
_aAustralia : _bThomson ,2004 _c2004. |
||
| 300 |
_a445 p. : _bill. ; _c26 cm. |
||
| 504 | _aIncludes bibliographical references and index. | ||
| 650 | 0 |
_aExport marketing _xManagement. |
|
| 650 | 0 |
_aExport marketing _xManagement _xCase studies. |
|
| 700 | 1 |
_aLowe, Robin, _d1945- |
|
| 942 |
_cBB _k658.848D6913 |
||
| 999 |
_c1195 _d1195 |
||